000 00553 a2200181 4500
999 _c970
_d970
020 _a9780759120914
050 _aG156.5 GLO 2012
100 _aLyon, Sarah
_eeditor
245 _aGlobal Tourism;
_bcultural heritage and economic encounters/
_cSarah Lyon and E. Christian Wells
264 _aUK:
_bAltaMira press
_c2012
300 _a311p.
500 _aIncludes index
650 _aHeritage tourism
650 _aEconomic anthropology
650 _aCulture and globalization
700 _aWells, E. Christian
_eeditor
942 _2lcc
_cBK
_h156.5
_iGLO
_kG